Top 10 biggest countries in Asia - Statistics

General Stats
  • This quiz has been taken 72 times
  • The average score is 9 of 10
Answer Stats
Answer % Correct
China
98%
India
98%
Russia
97%
Kazakhstan
95%
Pakistan
94%
Mongolia
92%
Iran
91%
Saudi Arabia
91%
Indonesia
88%
Turkey
83%
No matching quizzes found
Score Distribution
Percent of People with Each Score
Percentile by Number Answered
Your Score History
You have not taken this quiz